000 00558nam a22001817a 4500
005 20241205112220.0
008 241205b |||||||| |||| 00| 0 eng d
020 _a9781485150831
041 _aEnglish
082 _a344.1 AWA
100 _lEnglish
245 _aLegal Reflections on workplace equality and discrimination law in Namibia /
_cMR Awarab
250 _aFirst Edition
260 _aCape Town:
_bJuta and Company Ltd,
_c2023
300 _b330 pages;
_c15 cm.
650 _aLegal practice
_bLaw
942 _cBK
_6ALISON_BN_VRIES
999 _c3281
_d3281